Atlanta Hawks: First Round Draft Picks - Statistics

General Stats
  • This quiz has been taken 49 times
    5 since last reset
  • The average score is 20 of 82
Answer Stats
Year # Player % Correct
1954 2 Bob Pettit
100%
2018 3 Luka Doncic
100%
2024 1 Zaccharie Risacher
100%
1970 3 Pete Maravich
80%
2022 16 AJ Griffin
60%
2007 3 Al Horford
60%
2000 6 DeMarr Johnson
60%
2025 13 Derik Queen
60%
1980 18 Don Collins
60%
2021 20 Jalen Johnson
60%
2019 8 Jaxson Hayes
60%
2009 19 Jeff Teague
60%
2017 19 John Collins
60%
2004 17 Josh Smith
60%
2005 2 Marvin Williams
60%
2020 6 Onyeka Okongwu
60%
2006 5 Shelden Williams
60%
1956 2 Bill Russell
40%
2019 10 Cam Reddish
40%
2013 17 Dennis Schroder
40%
2025 22 Drake Powell
40%
1999 10 Jason Terry
40%
2018 19 Kevin Huerter
40%
1984 11 Kevin Willis
40%
2023 15 Kobe Bufkin
40%
1966 4 Lou Hudson
40%
1977 14 Tree Rollins
40%
2007 11 Acie Law
20%
1995 16 Alan Henderson
20%
1976 9 Armond Hill
20%
1986 19 Billy Thompson
20%
2003 21 Boris Diaw
20%
1978 10 Butch Lee
20%
1961 8 Cleo Hill
20%
2010 24 Damion James
20%
1975 1 David Thompson
20%
1993 15 Doug Edwards
20%
1973 9 Dwight Jones
20%
1965 6 Jim Washington
20%
1973 10 John Brown
20%
2012 23 John Jenkins
20%
2004 6 Josh Childress
20%
1999 27 Jumaine Jones
20%
1960 6 Lenny Wilkens
20%
2001 3 Pau Gasol
20%
1990 10 Rumeal Robinson
20%
2013 18 Shane Larkin
20%
1974 7 Tom Henderson
20%
1992 10 Adam Keefe
0%
2014 15 Adreian Payne
0%
1981 4 Al Wood
0%
1991 15 Anthony Avent
0%
1950 3 Bob Cousy
0%
1953 2 Bob Houbregs
0%
1969 10 Butch Beard
0%
1999 17 Cal Bowdler
0%
1987 21 Dallas Comegys
0%
1958 6 Dave Gambee
0%
2016 21 DeAndre Bembry
0%
1955 1 Dick Ricketts
0%
1999 20 Dion Glover
0%
1997 22 Ed Gray
0%
1971 5 George Trapp
0%
1963 5 Gerry Ward
0%
1978 16 Jack Givens
0%
1964 5 Jeff Mullins
0%
1985 5 Jon Koncak
0%
1982 10 Keith Edmonson
0%
2015 15 Kelly Oubre Jr.
0%
1952 1 Mark Workman
0%
1975 3 Marvin Webster
0%
1951 2 Mel Hutchins
0%
1974 10 Mike Sojourner
0%
2018 30 Omari Spellman
0%
1996 28 Priest Lauderdale
0%
1998 20 Roshown McLeod
0%
1989 23 Roy Marble
0%
1968 13 Skip Harlicka
0%
1991 9 Stacey Augmon
0%
1967 8 Tom Workman
0%
1957 4 Win Wilfong
0%
1962 3 Zelmo Beaty
0%
No matching quizzes found
Score Distribution
Percent of People with Each Score
Percentile by Number Answered
Your Score History
You have not taken this quiz since the last reset